Hevea brasiliensis and food intercrops a development-oriented cropping system in Gabon (Record no. 60301)

MARC details
000 -LEADER
fixed length control field 00645nam a2200241Ia 4500
100 ## - MAIN ENTRY--AUTHOR NAME
Personal name Enjalric F
245 #0 - TITLE STATEMENT
Title Hevea brasiliensis and food intercrops a development-oriented cropping system in Gabon
260 ## - PUBLICATION, DISTRIBUTION, ETC. (IMPRINT)
Name of publisher Plantations, Recherche, Developpement
Year of publication 1999
300 ## - PHYSICAL DESCRIPTION
Number of Pages 11-Oct
650 ## - SUBJECT ADDED ENTRY--TOPICAL TERM
Topical Term Cassava
650 ## - SUBJECT ADDED ENTRY--TOPICAL TERM
Topical Term Food crop intercropping
650 ## - SUBJECT ADDED ENTRY--TOPICAL TERM
Topical Term Groundnut
650 ## - SUBJECT ADDED ENTRY--TOPICAL TERM
Topical Term Maize
650 ## - SUBJECT ADDED ENTRY--TOPICAL TERM
Topical Term Plantain
650 ## - SUBJECT ADDED ENTRY--TOPICAL TERM
Topical Term Plantain
650 ## - SUBJECT ADDED ENTRY--TOPICAL TERM
Topical Term Rubber tree growth
650 ## - SUBJECT ADDED ENTRY--TOPICAL TERM
Topical Term Upland rice
700 ## - ADDED ENTRY--PERSONAL NAME
Personal name Chan Ho Tong S
700 ## - ADDED ENTRY--PERSONAL NAME
Personal name Hugot N
700 ## - ADDED ENTRY--PERSONAL NAME
Personal name Nguema J
942 ## - ADDED ENTRY ELEMENTS (KOHA)
Koha item type Journals
Holdings
Withdrawn status Lost status Damaged status Not for loan Home library Current library Shelving location Date acquired Serial Enumeration / chronology Koha item type
      Journals RRII Library RRII Library Soils and agonomy 01/01/2021 Volume 6, Issue 1 Journals